| 000 | 00606nam a2200133Ia 4500 | ||
|---|---|---|---|
| 008 | 220620s9999||||xx |||||||||||||| ||und|| | ||
| 020 | _a9782890000000 | ||
| 245 | 0 | _aBuilding the iCub Mindware: Open-source Software for Robot Intelligence and Autonomy | |
| 546 | _aEnglish[eng] | ||
| 650 | _aiCub||open-source||intelligence||autonomy||code | ||
| 700 | _aPucci, Daniele||Tikhanoff, Vadim||Pattacini, Ugo||Petit, Maxime||Jamone, Lorenzo | ||
| 856 | _uhttps://www.frontiersin.org/research-topics/5435/building-the-icub-mindware-open-source-software-for-robot-intelligence-and-autonomy#overview | ||
| 942 | _cEB | ||
| 999 |
_c23738 _d23738 |
||